00820 2200313 4500001002100000005001500021035002000036007000300056040001700059100002400076245005100100250001200151300003200163020002200195041000800217084001400225090001900239264003600258336002100294337003000315338002300345650001500368700002700383850001000410008004100420990001500461990001500476990001500491INLIS00000000000670820260411090809 a0010-0622000043ta aSBPUPADbind0 aMujiyatiePengarang1 aBuku Pintar Matematika /cMujiyati;editor,qoni a.-cet.1 a227 hlm. :billus. ;c18 cm a978-602-9434-19-40 aind a510 MUJ b a510 RIK t 11-4 a.--Yogyakarta :bFamilia,c2012 2rdacontentaTeks 2rdamediaaTanpa Perantara 2rdacarrieravolume 4aMatematika0 aeditor,qoniePengarang aPUPAD260411 0  a184/B/2013 a183/B/2013 a184/B/2013